[Event "CZE-chT2B 1516"]
[Site "Czech Republic"]
[Date "2015.11.08"]
[Round "2.5"]
[White "Splichal, Petr"]
[Black "Havranek, Miroslav"]
[Result "1/2-1/2"]
[WhiteElo "1968"]
[BlackElo "2102"]
[PlyCount "50"]
[EventDate "2015.10.18"]
[EventType "team-tourn"]
[EventRounds "11"]
[EventCountry "CZE"]
[SourceTitle "EXT 2022"]
[Source "ChessBase"]
[SourceDate "2021.10.06"]
[SourceVersion "1"]
[SourceVersionDate "2021.10.06"]
[SourceQuality "1"]
[WhiteTeam "Unichess II"]
[BlackTeam "Decin"]
[WhiteTeamCountry "CZE"]
[BlackTeamCountry "CZE"]

1. d4 Nf6 2. Bg5 c5 3. Bxf6 exf6 4. e3 Qb6 5. Nc3 cxd4 6. Qxd4 Bc5 7. Qe4+ Qe6 8. Bc4 Qxe4 9. Nxe4 Bb4+ 10. c3 Be7 11. 0-0-0 Nc6 12. Nd6+ Bxd6 13. Rxd6 Ke7 14. Rd2 d6 15. Ne2 Be6 16. Bd5 Rab8 17. Rhd1 Rhd8 18. Nd4 Nxd4 19. Rxd4 b6 20. e4 Rbc8 21. f4 g6 22. h3 h5 23. Kb1 f5 24. exf5 Bxf5+ 25. Be4 Be6 1/2-1/2

[Event "Stare Mesto op"]
[Site "Stare Mesto"]
[Date "2015.08.18"]
[Round "6"]
[White "Havranek, Miroslav"]
[Black "Kunc, Miroslav"]
[Result "0-1"]
[WhiteElo "2147"]
[BlackElo "1586"]
[PlyCount "112"]
[EventDate "2015.08.14"]
[EventType "swiss"]
[EventRounds "10"]
[EventCountry "CZE"]
[SourceTitle "EXT 2016"]
[Source "ChessBase"]
[SourceDate "2015.10.08"]
[SourceVersion "1"]
[SourceVersionDate "2015.10.08"]
[SourceQuality "1"]

1. e4 e6 2. d4 d5 3. Nd2 c5 4. exd5 exd5 5. Ngf3 Nc6 6. Bb5 Bd6 7. dxc5 Bxc5 8. Nb3 Bd6 9. 0-0 Nge7 10. Bd3 Bg4 11. h3 Bh5 12. Be2 0-0 13. Nbd4 Rc8 14. c3 Qd7 15. Be3 Bb8 16. Qd2 Ng6 17. Ne1 Qd6 18. g3 Bxe2 19. Nxe2 Nce5 20. b3 Qe6 21. Kg2 h6 22. Nd4 Qd7 23. f4 Nc6 24. Nd3 Kh7 25. Rae1 Nxd4 26. Bxd4 f5 27. Nc5 Qf7 28. h4 Rfe8 29. Nd3 Nf8 30. Bc5 Nd7 31. Bd4 b6 32. Rxe8 Rxe8 33. Re1 Re4 34. Nf2 Rxe1 35. Qxe1 Nc5 36. Qe2 Ne4 37. Nxe4 dxe4 38. Qb5 Qg6 39. Kf2 Qg4 40. Qd7 Qf3+ 41. Ke1 Qxg3+ 42. Kd1 Qg4+ 43. Kc2 Bxf4 44. b4 e3 45. h5 e2 46. Bf2 Be3 47. Be1 Qxh5 48. Qd3 Bf4 49. c4 Qg4 50. c5 bxc5 51. bxc5 Be5 52. Kd2 Qb4+ 53. Kxe2 Qxc5 54. Qxf5+ g6 55. Qd7+ Bg7 56. Kf3 a5 0-1

[Event "Stare Mesto op"]
[Site "Stare Mesto"]
[Date "2015.08.14"]
[Round "1"]
[White "Havranek, Miroslav"]
[Black "Laurincova, Kristyna"]
[Result "1/2-1/2"]
[WhiteElo "2147"]
[BlackElo "1739"]
[PlyCount "67"]
[EventDate "2015.08.14"]
[EventType "swiss"]
[EventRounds "10"]
[EventCountry "CZE"]
[SourceTitle "EXT 2016"]
[Source "ChessBase"]
[SourceDate "2015.10.08"]
[SourceVersion "1"]
[SourceVersionDate "2015.10.08"]
[SourceQuality "1"]

1. e4 c5 2. Nf3 d6 3. Bb5+ Bd7 4. a4 a6 5. Bxd7+ Nxd7 6. 0-0 g6 7. c3 Ngf6 8. Re1 Bg7 9. d4 cxd4 10. cxd4 0-0 11. Nc3 Rc8 12. h3 Nb6 13. Qb3 Qc7 14. Bg5 Nc4 15. Rac1 Qb6 16. Qxb6 Nxb6 17. b3 Rc6 18. a5 Nbd7 19. e5 dxe5 20. dxe5 Nh5 21. g4 f6 22. Nd4 fxg5 23. Nxc6 bxc6 24. gxh5 Nxe5 25. Re3 gxh5 26. Rc2 Nf3+ 27. Kg2 Nd4 28. Ra2 Nf5 29. Rd3 Nh4+ 30. Kf1 g4 31. hxg4 hxg4 32. Ne4 Nf3 33. Ke2 h5 34. Nc5 1/2-1/2

[Event "CZE-chT2B 1415"]
[Site "Czech Republic"]
[Date "2015.03.29"]
[Round "10.2"]
[White "Krajic, Karel"]
[Black "Havranek, Miroslav"]
[Result "1/2-1/2"]
[WhiteElo "2036"]
[BlackElo "2166"]
[PlyCount "47"]
[EventDate "2014.11.02"]
[EventType "team-tourn"]
[EventRounds "11"]
[EventCountry "CZE"]
[SourceTitle "EXT 2022"]
[Source "ChessBase"]
[SourceDate "2021.10.06"]
[SourceVersion "1"]
[SourceVersionDate "2021.10.06"]
[SourceQuality "1"]
[WhiteTeam "Most Chess II"]
[BlackTeam "Decin"]
[WhiteTeamCountry "CZE"]
[BlackTeamCountry "CZE"]

1. e4 c5 2. c3 d5 3. exd5 Qxd5 4. d4 e6 5. Nf3 Nc6 6. Be2 cxd4 7. cxd4 Nf6 8. 0-0 a6 9. Nc3 Qd6 10. Bg5 Be7 11. a3 0-0 12. Qd3 h6 13. Bh4 Rd8 14. Rfd1 b5 15. Bg3 Qd7 16. Ne5 Nxe5 17. dxe5 Qxd3 18. Rxd3 Rxd3 19. Bxd3 Nd7 20. Ne4 Bb7 21. Rc1 Rc8 22. Rxc8+ Bxc8 23. Kf1 Nc5 24. Nxc5 1/2-1/2

[Event "CZE-chT2B 1415"]
[Site "Czech Republic"]
[Date "2015.03.15"]
[Round "9.2"]
[White "Havranek, Miroslav"]
[Black "Hrbolka, Ladislav Jr"]
[Result "1/2-1/2"]
[WhiteElo "2166"]
[BlackElo "2150"]
[PlyCount "29"]
[EventDate "2014.11.02"]
[EventType "team-tourn"]
[EventRounds "11"]
[EventCountry "CZE"]
[SourceTitle "EXT 2022"]
[Source "ChessBase"]
[SourceDate "2021.10.06"]
[SourceVersion "1"]
[SourceVersionDate "2021.10.06"]
[SourceQuality "1"]
[WhiteTeam "Decin"]
[BlackTeam "Most Chess"]
[WhiteTeamCountry "CZE"]
[BlackTeamCountry "CZE"]

1. e4 c5 2. c4 Nc6 3. Nc3 g6 4. d3 Bg7 5. g3 d6 6. Bg2 e6 7. Nge2 Nge7 8. 0-0 0-0 9. Rb1 Rb8 10. b3 b6 11. Bb2 Bb7 12. Kh1 a6 13. f4 f5 14. Qd2 Qd7 15. Na4 1/2-1/2

[Event "CZE-chT2B 1314"]
[Site "Czech Republic"]
[Date "2014.01.19"]
[Round "6.2"]
[White "Vanek, Tomas"]
[Black "Havranek, Miroslav"]
[Result "1-0"]
[WhiteElo "2235"]
[BlackElo "2165"]
[PlyCount "75"]
[EventDate "2013.11.03"]
[EventType "team-tourn"]
[EventRounds "11"]
[EventCountry "CZE"]
[SourceTitle "EXT 2015"]
[Source "ChessBase"]
[SourceDate "2014.11.20"]
[SourceVersion "1"]
[SourceVersionDate "2014.11.20"]
[SourceQuality "1"]
[WhiteTeam "Teplice"]
[BlackTeam "Decin"]
[WhiteTeamCountry "CZE"]
[BlackTeamCountry "CZE"]

1. d4 Nf6 2. c4 e6 3. Nf3 b6 4. g3 Ba6 5. Qc2 Bb7 6. Bg2 Bb4+ 7. Nbd2 0-0 8. a3 Be7 9. e4 d5 10. cxd5 exd5 11. e5 Ne8 12. Nf1 c5 13. Ne3 g6 14. Ng4 Nd7 15. Bh6 Ng7 16. Qd2 f5 17. Ne3 Re8 18. 0-0-0 Ne6 19. Kb1 c4 20. h4 b5 21. h5 b4 22. hxg6 hxg6 23. Nh4 Ndf8 24. Bxf8 Nxf8 25. Nexf5 gxf5 26. Nxf5 Qb6 27. Rh6 Ng6 28. axb4 Bf8 29. Rdh1 Re6 30. R6h5 c3 31. Qg5 Qxb4 32. Rh8+ Kf7 33. R1h7+ Ke8 34. Ng7+ Kd7 35. Nxe6+ Be7 36. Nc5+ Kc7 37. Rxe7+ Nxe7 38. Qxe7+ 1-0

[Event "CZE-chT2B 1314"]
[Site "Czech Republic"]
[Date "2013.12.01"]
[Round "3.2"]
[White "Havranek, Miroslav"]
[Black "Gregor, Jiri"]
[Result "1/2-1/2"]
[WhiteElo "2165"]
[BlackElo "2248"]
[PlyCount "36"]
[EventDate "2013.11.03"]
[EventType "team-tourn"]
[EventRounds "11"]
[EventCountry "CZE"]
[SourceTitle "EXT 2015"]
[Source "ChessBase"]
[SourceDate "2014.11.20"]
[SourceVersion "1"]
[SourceVersionDate "2014.11.20"]
[SourceQuality "1"]
[WhiteTeam "Decin"]
[BlackTeam "Neratovice"]
[WhiteTeamCountry "CZE"]
[BlackTeamCountry "CZE"]

1. e4 c6 2. d4 d5 3. e5 c5 4. dxc5 Nc6 5. Nf3 e6 6. Be3 Nge7 7. c3 Qc7 8. Bd4 Nf5 9. Bb5 Bd7 10. Bxc6 Bxc6 11. b4 a5 12. 0-0 Nxd4 13. Qxd4 Be7 14. Re1 0-0 15. Nbd2 axb4 16. cxb4 Ra4 17. Qb2 Rfa8 18. a3 Be8 1/2-1/2

[Event "CZE-chT2B 1213"]
[Site "Czech Republic"]
[Date "2013.03.03"]
[Round "10.2"]
[White "Forman, Stepan"]
[Black "Havranek, Miroslav"]
[Result "1-0"]
[WhiteElo "2320"]
[BlackElo "2166"]
[PlyCount "85"]
[EventDate "2012.10.14"]
[EventType "team-tourn"]
[EventRounds "11"]
[EventCountry "CZE"]
[SourceTitle "EXT 2015"]
[Source "ChessBase"]
[SourceDate "2014.11.20"]
[SourceVersion "1"]
[SourceVersionDate "2014.11.20"]
[SourceQuality "1"]
[WhiteTeam "Praha Dukla"]
[BlackTeam "Decin"]
[WhiteTeamCountry "CZE"]
[BlackTeamCountry "CZE"]

1. d4 Nf6 2. Nf3 e6 3. g3 c5 4. Bg2 Nc6 5. 0-0 cxd4 6. Nxd4 a6 7. e4 Qc7 8. Be3 d6 9. Nd2 Bd7 10. Nxc6 Bxc6 11. c4 Be7 12. b4 Rc8 13. Rc1 Qd7 14. Qe2 0-0 15. Rfd1 Qe8 16. f4 Kh8 17. g4 Ng8 18. Nb3 e5 19. f5 Ba4 20. Rd3 Rc7 21. Na5 Qc8 22. g5 Be8 23. f6 gxf6 24. Bb6 fxg5 25. Bxc7 Qxc7 26. Bh3 f6 27. Qd2 Nh6 28. Be6 Bg6 29. c5 Rd8 30. Bd5 dxc5 31. Nxb7 Rb8 32. Nxc5 Qb6 33. a3 a5 34. Kg2 Qa7 35. Bc6 Bxc5 36. Rxc5 axb4 37. axb4 Bf7 38. Rd7 Qa3 39. Bd5 g4 40. Rc3 Qxb4 41. Rc8+ Kg7 42. Qxb4 Rxb4 43. Rcc7 1-0

[Event "CZE-chT2B 1213"]
[Site "Czech Republic"]
[Date "2013.01.06"]
[Round "6.3"]
[White "Havranek, Miroslav"]
[Black "Pribyl, Jakub"]
[Result "1/2-1/2"]
[WhiteElo "2166"]
[BlackElo "2131"]
[PlyCount "57"]
[EventDate "2012.10.14"]
[EventType "team-tourn"]
[EventRounds "11"]
[EventCountry "CZE"]
[SourceTitle "EXT 2015"]
[Source "ChessBase"]
[SourceDate "2014.11.20"]
[SourceVersion "1"]
[SourceVersionDate "2014.11.20"]
[SourceQuality "1"]
[WhiteTeam "Decin"]
[BlackTeam "Usti nad Labem"]
[WhiteTeamCountry "CZE"]
[BlackTeamCountry "CZE"]

1. e4 e5 2. Nf3 Nc6 3. Nc3 Nf6 4. d4 Bb4 5. d5 Nb8 6. Bd3 d6 7. Bd2 c6 8. dxc6 bxc6 9. 0-0 Bg4 10. a3 Bxc3 11. Bxc3 Nbd7 12. h3 Bh5 13. Qe2 0-0 14. b4 Qc7 15. g4 Bg6 16. Nh4 d5 17. f3 c5 18. Nxg6 hxg6 19. exd5 Nxd5 20. Bd2 Rfe8 21. Be4 N7f6 22. Qc4 Rac8 23. Bxd5 Nxd5 24. Qxd5 Red8 25. Qxc5 Qxc5+ 26. bxc5 Rxd2 27. Rf2 Rd5 28. Re1 Rdxc5 29. Re4 1/2-1/2

[Event "CZE-chT2B 1213"]
[Site "Czech Republic"]
[Date "2012.12.16"]
[Round "5.2"]
[White "Havranek, Miroslav"]
[Black "Mozny, Milos"]
[Result "0-1"]
[WhiteElo "2166"]
[BlackElo "2329"]
[PlyCount "73"]
[EventDate "2012.10.14"]
[EventType "team-tourn"]
[EventRounds "11"]
[EventCountry "CZE"]
[SourceTitle "EXT 2015"]
[Source "ChessBase"]
[SourceDate "2014.11.20"]
[SourceVersion "1"]
[SourceVersionDate "2014.11.20"]
[SourceQuality "1"]
[WhiteTeam "Decin"]
[BlackTeam "Turnov Zikuda II"]
[WhiteTeamCountry "CZE"]
[BlackTeamCountry "CZE"]

1. e4 c5 2. Nf3 e6 3. g3 Nc6 4. Bg2 g6 5. 0-0 Bg7 6. c3 Nge7 7. d3 0-0 8. Be3 b6 9. d4 d6 10. Na3 cxd4 11. Nxd4 Bb7 12. Qd2 Nxd4 13. Bxd4 e5 14. Be3 d5 15. exd5 Bxd5 16. Bxd5 Qxd5 17. Qxd5 Nxd5 18. Bd2 Rfd8 19. Rfd1 Rd7 20. Nc2 Rad8 21. Bg5 f6 22. c4 fxg5 23. cxd5 Rxd5 24. Ne3 Rd4 25. Rdc1 Bf8 26. Nc4 e4 27. Rc2 Bc5 28. Re1 b5 29. Ne3 Bb6 30. Ng4 Kg7 31. Ree2 h5 32. Ne3 g4 33. Kg2 Rd3 34. Nf1 Re8 35. Rcd2 Kf8 36. Ne3 Bxe3 37. fxe3 0-1

[Event "CZE-chT2B 1112"]
[Site "Czech Republic"]
[Date "2012.02.19"]
[Round "8.1"]
[White "Havranek, Miroslav"]
[Black "Vondra, Zbynek"]
[Result "1/2-1/2"]
[WhiteElo "2168"]
[BlackElo "2208"]
[PlyCount "82"]
[EventDate "2011.10.09"]
[EventType "team-tourn"]
[EventRounds "11"]
[EventCountry "CZE"]
[SourceTitle "EXT 2013"]
[Source "ChessBase"]
[SourceDate "2012.11.22"]
[SourceVersion "1"]
[SourceVersionDate "2012.11.22"]
[SourceQuality "1"]
[WhiteTeam "Decin"]
[BlackTeam "Kladno"]
[WhiteTeamCountry "CZE"]
[BlackTeamCountry "CZE"]

1. e4 e5 2. Nf3 Nc6 3. Nc3 Nf6 4. d4 Bb4 5. dxe5 Nxe4 6. Qd3 d5 7. exd6 Nxc3 8. bxc3 Bxd6 9. Bg5 Qd7 10. Qe3+ Qe6 11. Nd4 Qxe3+ 12. Bxe3 Bd7 13. Nb5 Be7 14. 0-0-0 a6 15. Nd4 Bf6 16. Be2 0-0-0 17. h3 Nxd4 18. cxd4 Bc6 19. Rhg1 b5 20. c3 Bd5 21. Kb2 Rhe8 22. Bd3 g6 23. g3 Kb7 24. a3 Re6 25. Rge1 Bf3 26. Be2 Bxe2 27. Rxe2 Rd5 28. Red2 Rc6 29. Kb3 Rc4 30. Rc1 a5 31. Kb2 Kc8 32. Rdc2 Kd7 33. Re1 Rd6 34. Ree2 Kc8 35. Kb3 Kb7 36. Kb2 c5 37. dxc5 Re6 38. Kb3 Kc6 39. Red2 a4+ 40. Kb2 Be7 41. Rd3 Bxc5 1/2-1/2

[Event "CZE-chT2B 1112"]
[Site "Czech Republic"]
[Date "2011.11.20"]
[Round "3.1"]
[White "Kratochvil, Jakub"]
[Black "Havranek, Miroslav"]
[Result "1/2-1/2"]
[WhiteElo "2083"]
[BlackElo "2168"]
[PlyCount "123"]
[EventDate "2011.10.09"]
[EventType "team-tourn"]
[EventRounds "11"]
[EventCountry "CZE"]
[SourceTitle "EXT 2013"]
[Source "ChessBase"]
[SourceDate "2012.11.22"]
[SourceVersion "1"]
[SourceVersionDate "2012.11.22"]
[SourceQuality "1"]
[WhiteTeam "Sokolov"]
[BlackTeam "Decin"]
[WhiteTeamCountry "CZE"]
[BlackTeamCountry "CZE"]

1. e4 c5 2. Nf3 Nc6 3. Bb5 e6 4. 0-0 Nge7 5. Re1 a6 6. Bf1 d6 7. c3 e5 8. h3 Ng6 9. d4 Be7 10. dxc5 dxc5 11. Qxd8+ Bxd8 12. Be3 Be7 13. Nbd2 Na5 14. Nc4 Nxc4 15. Bxc4 0-0 16. Red1 h6 17. Bd5 Rb8 18. Rd2 Re8 19. Rad1 Kf8 20. a3 a5 21. b3 Rd8 22. a4 b6 23. Ne1 f6 24. Nd3 Ba6 25. c4 Bd6 26. Nc1 Nf4 27. Na2 Nxd5 28. Rxd5 Be7 29. Nc3 Bb7 30. Rxd8+ Rxd8 31. Nd5 Bxd5 32. cxd5 Bd6 33. Kf1 Rb8 34. Rc1 Ke7 35. Ke2 b5 36. Bxc5 bxa4 37. bxa4 Rb2+ 38. Ke3 Rb3+ 39. Ke2 Bxc5 40. Rxc5 Rb4 41. Rxa5 Rxe4+ 42. Kf3 Rf4+ 43. Ke3 Kd6 44. g3 Rb4 45. Ra7 Kxd5 46. Rd7+ Ke6 47. Rxg7 Rxa4 48. Rh7 Ra3+ 49. Ke2 e4 50. Rxh6 Ke5 51. Rh8 Ra2+ 52. Kf1 Kf5 53. Re8 Ra4 54. Kg2 Kg5 55. Rg8+ Kf5 56. h4 Ra2 57. Re8 Ra4 58. Rb8 Kg4 59. Rb6 Kf5 60. Rb5+ Ke6 61. Rb6+ Kf5 62. Rb5+ 1/2-1/2

[Event "Tabor op"]
[Site "Tabor"]
[Date "2011.08.05"]
[Round "7"]
[White "Brom, Jiri"]
[Black "Havranek, Miroslav"]
[Result "1/2-1/2"]
[WhiteElo "2051"]
[BlackElo "2178"]
[PlyCount "138"]
[EventDate "2011.07.31"]
[EventType "swiss"]
[EventRounds "9"]
[EventCountry "CZE"]
[SourceTitle "CBM 143 Extra"]
[Source "ChessBase"]
[SourceDate "2011.08.29"]
[SourceVersion "1"]
[SourceVersionDate "2011.08.29"]
[SourceQuality "1"]

1. e4 c5 2. Nf3 Nc6 3. Nc3 e5 4. Bc4 d6 5. d3 Be7 6. Nd2 Nf6 7. Nf1 a6 8. a4 Be6 9. Ne3 Rb8 10. Bd2 Nd4 11. a5 Bxc4 12. Nxc4 0-0 13. 0-0 Ne8 14. f4 exf4 15. Bxf4 Bg5 16. Nd5 Bxf4 17. Rxf4 Nc7 18. Nf6+ gxf6 19. Qh5 Nce6 20. Rh4 Ng5 21. c3 Nde6 22. Ne3 Ng7 23. Qh6 Re8 24. Rf1 Re6 25. Nf5 Qf8 26. Ng3 Ne8 27. Qh5 Qg7 28. Rg4 Qg6 29. h4 Qxh5 30. Nxh5 h6 31. Nf4 Re5 32. Nd5 Kf8 33. hxg5 fxg5 34. Rg3 Ng7 35. Rgf3 f5 36. Nb6 Rd8 37. Nc4 f4 38. g3 Nh5 39. gxf4 Nxf4 40. Rxf4+ gxf4 41. Rxf4+ Ke7 42. Nxe5 dxe5 43. Rf3 Rd6 44. Kg2 Kd7 45. Kf1 Kc6 46. Ke2 Rg6 47. Rf5 Kd6 48. Kd2 Ke6 49. Kc2 Rg2+ 50. Kb3 Rh2 51. Rf8 h5 52. Rb8 Rd2 53. Rxb7 Rxd3 54. Rh7 Re3 55. Rh6+ Kd7 56. Rxa6 Rxe4 57. Rh6 h4 58. Ka3 Kc7 59. b4 Re3 60. bxc5 Rxc3+ 61. Kb4 Rc1 62. Rxh4 Rb1+ 63. Kc4 Ra1 64. Kd5 Rxa5 65. Rh7+ Kc8 66. Kc6 Ra6+ 67. Kb5 Ra1 68. Re7 Ra2 69. Rxe5 Kd7 1/2-1/2

[Event "Tabor op"]
[Site "Tabor"]
[Date "2011.08.04"]
[Round "6"]
[White "Havranek, Miroslav"]
[Black "Ivanov, Mikhail M"]
[Result "1/2-1/2"]
[WhiteElo "2178"]
[BlackElo "2410"]
[PlyCount "134"]
[EventDate "2011.07.31"]
[EventType "swiss"]
[EventRounds "9"]
[EventCountry "CZE"]
[SourceTitle "CBM 143 Extra"]
[Source "ChessBase"]
[SourceDate "2011.08.29"]
[SourceVersion "1"]
[SourceVersionDate "2011.08.29"]
[SourceQuality "1"]

1. e4 g6 2. d4 Bg7 3. Nf3 d6 4. Bc4 a6 5. a4 c5 6. c3 cxd4 7. cxd4 Nf6 8. Qe2 d5 9. exd5 Nxd5 10. 0-0 0-0 11. Nc3 Nf6 12. Rd1 Nc6 13. h3 Bf5 14. Be3 Nb4 15. Rac1 Rc8 16. Bb3 Qd6 17. Ne5 Be6 18. Nc4 Qb8 19. Nd2 Bxb3 20. Nxb3 e6 21. Bg5 b6 22. Nd2 Nfd5 23. Nde4 h6 24. Nxd5 Nxd5 25. Bd2 a5 26. Nc3 Rfd8 27. Nxd5 Rxd5 28. Bf4 Qb7 29. Be5 Rc6 30. Bxg7 Kxg7 31. Rc3 Qd7 32. Qc2 Rcd6 33. Rc7 Qd8 34. Rd3 Rxd4 35. Rf3 Rd7 36. Rc8 Qe7 37. Qc3 e5 38. Re3 Qf6 39. Rf3 Qe7 40. Rc6 Rd1+ 41. Kh2 R1d6 42. Re3 Rxc6 43. Qxc6 Rd6 44. Qc3 Re6 45. Re4 Qc5 46. Qe1 f5 47. Re3 e4 48. Rc3 Qe5+ 49. Kg1 h5 50. Qc1 f4 51. Rc7+ Kf6 52. Rc6 e3 53. Rxe6+ Qxe6 54. Qc3+ Kg5 55. Kf1 Qe4 56. Ke2 exf2+ 57. Kxf2 h4 58. Qh8 Qe3+ 59. Kf1 Qd3+ 60. Kf2 Qc2+ 61. Kg1 Qc5+ 62. Kf1 Qd5 63. Qg7 Kf5 64. Qf8+ Ke4 65. Qe8+ Kd4 66. Qxg6 Qc4+ 67. Kf2 Qc5 1/2-1/2

[Event "Tabor op"]
[Site "Tabor"]
[Date "2011.08.02"]
[Round "4"]
[White "Havranek, Miroslav"]
[Black "Pravdik, Kamil"]
[Result "1/2-1/2"]
[WhiteElo "2178"]
[BlackElo "2019"]
[PlyCount "54"]
[EventDate "2011.07.31"]
[EventType "swiss"]
[EventRounds "9"]
[EventCountry "CZE"]
[SourceTitle "CBM 143 Extra"]
[Source "ChessBase"]
[SourceDate "2011.08.29"]
[SourceVersion "1"]
[SourceVersionDate "2011.08.29"]
[SourceQuality "1"]

1. e4 c5 2. Nf3 d6 3. Bb5+ Nd7 4. 0-0 Ngf6 5. Re1 a6 6. Bf1 b6 7. c4 Bb7 8. Nc3 e6 9. d3 Be7 10. a3 0-0 11. b4 cxb4 12. axb4 d5 13. Rb1 dxc4 14. dxc4 Qc7 15. Bg5 Rfd8 16. Qc1 Ne5 17. Nxe5 Qxe5 18. Bf4 Qh5 19. Re3 Nxe4 20. Nxe4 Qf5 21. Bc7 Bxe4 22. Bxd8 Rxd8 23. Rb2 Bg5 24. Rd2 Rxd2 25. Qxd2 g6 26. Qd4 Bxe3 27. Qxe3 b5 1/2-1/2

[Event "Tabor op"]
[Site "Tabor"]
[Date "2011.08.01"]
[Round "3"]
[White "Sodoma, Jan"]
[Black "Havranek, Miroslav"]
[Result "1-0"]
[WhiteElo "2365"]
[BlackElo "2178"]
[PlyCount "89"]
[EventDate "2011.07.31"]
[EventType "swiss"]
[EventRounds "9"]
[EventCountry "CZE"]
[SourceTitle "CBM 143 Extra"]
[Source "ChessBase"]
[SourceDate "2011.08.29"]
[SourceVersion "1"]
[SourceVersionDate "2011.08.29"]
[SourceQuality "1"]

1. d4 Nf6 2. c4 e6 3. Nc3 Bb4 4. Qc2 0-0 5. Nf3 d5 6. cxd5 exd5 7. Bg5 h6 8. Bh4 c6 9. e3 Nbd7 10. Bd3 Qa5 11. 0-0 Re8 12. a3 Bxc3 13. bxc3 Ne4 14. Rfc1 Nf8 15. Ne5 f6 16. Nc4 Qd8 17. Nd2 Nxd2 18. Qxd2 Be6 19. a4 Qd7 20. Qc2 Bf7 21. Rab1 b6 22. c4 Rac8 23. c5 bxc5 24. Qxc5 Bg6 25. Bxg6 Nxg6 26. Bg3 Ne7 27. a5 Nf5 28. Bf4 g5 29. Bg3 h5 30. a6 h4 31. Rb7 Qe6 32. Bc7 Qe4 33. h3 Nxe3 34. fxe3 Qxe3+ 35. Kh1 g4 36. Qc2 Re4 37. Bh2 f5 38. Be5 c5 39. Rf1 Qg5 40. Rg7+ Qxg7 41. Bxg7 Kxg7 42. dxc5 g3 43. Qd2 Rxc5 44. Qg5+ Kf7 45. Qxf5+ 1-0

[Event "CZE-chT2B 1011"]
[Site "Czech Republic"]
[Date "2011.02.20"]
[Round "8.2"]
[White "Havranek, Miroslav"]
[Black "Oresky, Jan"]
[Result "0-1"]
[WhiteElo "2168"]
[BlackElo "2213"]
[PlyCount "68"]
[EventDate "2010.10.17"]
[EventType "team-tourn"]
[EventRounds "11"]
[EventCountry "CZE"]
[SourceTitle "EXT 2012"]
[Source "ChessBase"]
[SourceDate "2011.11.24"]
[SourceVersion "1"]
[SourceVersionDate "2011.11.24"]
[SourceQuality "1"]
[WhiteTeam "Decin"]
[BlackTeam "Novoborsky III"]
[WhiteTeamCountry "CZE"]
[BlackTeamCountry "CZE"]

1. e4 c5 2. c4 Nc6 3. Nc3 g6 4. g3 Bg7 5. Bg2 d6 6. Nge2 e5 7. d3 Nge7 8. Rb1 0-0 9. 0-0 Nd4 10. Nxd4 cxd4 11. Ne2 Be6 12. f4 Qd7 13. a4 a5 14. b3 f5 15. Ba3 Rf7 16. Qd2 fxe4 17. dxe4 Nc6 18. Rf2 Raf8 19. Rbf1 Bh6 20. Qd3 Bg4 21. Bf3 exf4 22. Bxg4 Qxg4 23. Bxd6 fxg3 24. Rxf7 gxh2+ 25. Kxh2 Rxf7 26. Rxf7 Kxf7 27. Nxd4 Bf4+ 28. Bxf4 Qxf4+ 29. Kg2 Qg5+ 30. Kf2 Qc5 31. Ke3 h5 32. Qf1+ Ke7 33. Qa1 h4 34. Qc3 Qxd4+ 0-1

[Event "CZE-chT2B 1011"]
[Site "Czech Republic"]
[Date "2011.02.06"]
[Round "7.1"]
[White "Havranek, Miroslav"]
[Black "Ralis, Petr"]
[Result "1/2-1/2"]
[WhiteElo "2168"]
[BlackElo "2261"]
[PlyCount "97"]
[EventDate "2010.10.17"]
[EventType "team-tourn"]
[EventRounds "11"]
[EventCountry "CZE"]
[SourceTitle "EXT 2012"]
[Source "ChessBase"]
[SourceDate "2011.11.24"]
[SourceVersion "1"]
[SourceVersionDate "2011.11.24"]
[SourceQuality "1"]
[WhiteTeam "Decin"]
[BlackTeam "Podborany"]
[WhiteTeamCountry "CZE"]
[BlackTeamCountry "CZE"]

1. e4 c5 2. c4 d6 3. Nc3 Nc6 4. g3 g6 5. Bg2 Bg7 6. Nge2 Nf6 7. d3 Bg4 8. f3 Bd7 9. Be3 a6 10. Rb1 Rb8 11. 0-0 h5 12. h4 Qc8 13. b3 Bh3 14. d4 Bxg2 15. Kxg2 cxd4 16. Nxd4 Ne5 17. Rc1 Nfd7 18. Nd5 Nc5 19. Rc2 Qd7 20. Rd2 0-0 21. Ne2 Qe8 22. Bg5 f6 23. Be3 Ne6 24. Nd4 Nc5 25. Ne2 Rf7 26. Nef4 Qc8 27. Bd4 Kh7 28. Qc2 Bh6 29. Rdd1 e6 30. Nb6 Qc6 31. Nbd5 Rg8 32. Nb4 Qc8 33. Nbd3 g5 34. hxg5 fxg5 35. Nxh5 Ncxd3 36. Rxd3 Kg6 37. Bxe5 dxe5 38. g4 Bf8 39. Qc3 Qc7 40. b4 Be7 41. Rfd1 Rgf8 42. c5 a5 43. a3 axb4 44. axb4 b6 45. Rc1 bxc5 46. bxc5 Ra8 47. Qb3 Ra6 48. Rdc3 Rc6 49. Qa2 1/2-1/2

[Event "CZE-chT2B 1011"]
[Site "Czech Republic"]
[Date "2011.01.23"]
[Round "6.1"]
[White "Muron, Miroslav"]
[Black "Havranek, Miroslav"]
[Result "0-1"]
[WhiteElo "2224"]
[BlackElo "2168"]
[PlyCount "54"]
[EventDate "2010.10.17"]
[EventType "team-tourn"]
[EventRounds "11"]
[EventCountry "CZE"]
[SourceTitle "EXT 2012"]
[Source "ChessBase"]
[SourceDate "2011.11.24"]
[SourceVersion "1"]
[SourceVersionDate "2011.11.24"]
[SourceQuality "1"]
[WhiteTeam "Praha Dukla"]
[BlackTeam "Decin"]
[WhiteTeamCountry "CZE"]
[BlackTeamCountry "CZE"]

1. e4 c5 2. Nc3 Nc6 3. g3 g6 4. Bg2 Bg7 5. d3 d6 6. f4 e6 7. Nf3 Nge7 8. 0-0 0-0 9. Be3 Nd4 10. Bf2 Nxf3+ 11. Bxf3 Rb8 12. Qd2 b5 13. e5 dxe5 14. Bxc5 Qc7 15. b4 exf4 16. g4 Rd8 17. a4 bxa4 18. Rxa4 a6 19. d4 g5 20. b5 axb5 21. Ra7 Qxc5 22. dxc5 Rxd2 23. Ne4 Rd7 24. Rd1 Nd5 25. Rxd7 Bxd7 26. Nxg5 Bc6 27. Be4 h6 0-1